000
00300cam a2200121ua 4500
082
_a
822
_b
CUN/EA
100
_a
Cunliffe, John W .
_9
1965
245
_a
Early English Classical Tragedies /
250
_a
1 /
260
_a
London :
_b
Oxford University Press ,
_c
1912.
300
_a
352 ; .
942
_c
BK
999
_c
7844
_d
7844